La majestad de lo mínimo : ensayos sobre Ramón López Velarde /
Salvato in:
| Autore principale: | |
|---|---|
| Natura: | Elettronico eBook |
| Lingua: | spagnolo |
| Pubblicazione: |
Ciudad de México :
Bonilla Artigas Editores,
[2021]
|
| Serie: | Pública ensayo ;
21. |
| Soggetti: | |
| Accesso online: | Digitalia Hispánica |
| Tags: |
Aggiungi Tag
Nessun Tag, puoi essere il primo ad aggiungerne!!
|
MARC
| LEADER | 00000nam a2200000Ii 4500 | ||
|---|---|---|---|
| 001 | DIGBONART0249 | ||
| 003 | NyNyDIG | ||
| 007 | cr ||||||||||| | ||
| 008 | 220317s2021 mx a ob 000 0 spa d | ||
| 006 | m o d | ||
| 035 | |a (OCoLC)1264468801 | ||
| 040 | |a DGITA |b eng |e rda |e pn |c DGITA | ||
| 020 | |a 9786078781461 |q eBook |q ePub | ||
| 020 | |z 9786078781454 | ||
| 050 | 1 | 4 | |a PQ7082.P7 ebook |
| 100 | 1 | |a Fernández, Fernando, |d 1964- |e author. | |
| 245 | 1 | 3 | |a La majestad de lo mínimo : |b ensayos sobre Ramón López Velarde / |c Fernando Fernández. |
| 264 | 1 | |a Ciudad de México : |b Bonilla Artigas Editores, |c [2021] | |
| 300 | |a 1 online resource : |b illustrations. | ||
| 336 | |a text |b txt |2 rdacontent | ||
| 337 | |a computer |b c |2 rdamedia | ||
| 338 | |a online resource |b cr |2 rdacarrier | ||
| 347 | |a text file |2 rdaft | ||
| 347 | |b PDF | ||
| 490 | 1 | |a Públicaensayo ; |v 21 | |
| 504 | |a Includes bibliographical references. | ||
| 588 | 0 | |a Online resource; title from PDF title page (Digitalia, viewed March 17, 2022) | |
| 600 | 1 | 0 | |a López Velarde, Ramón, |d 1888-1921 |x Criticism and interpretation. |
| 650 | 0 | |a Spanish American poetry |y 20th century |x History and criticism. | |
| 655 | 0 | |a Electronic books. | |
| 791 | 2 | |a Digitalia (Firm), |e distributor. | |
| 793 | 0 | |g Digitalia eBook Collection: |a Bonilla Artigas Editores | |
| 776 | 0 | 8 | |i Print version: |a Fernández, Fernando, 1964- |t Majestad de lo mínimo. |b Primera edición. |d Ciudad de México : Bonilla Artigas Editores, [2021] |z 9786078781454 |
| 830 | 0 | |a Pública ensayo ; |v 21. | |
| 856 | 4 | 0 | |3 Digitalia Hispánica |u https://digitalia.unach.elogim.com/a/110256/ |
| 910 | |a Premium collection: 2022 | ||